|
|
|
|
| LEADER |
00000nam0a2200000 4500 |
| 001 |
271061 |
| 005 |
20231101234412.0 |
| 035 |
|
|
|a (RuTPU)RU\TPU\book\294242
|
| 090 |
|
|
|a 271061
|
| 100 |
|
|
|a 20141003d1987 k y0rusy50 ca
|
| 101 |
0 |
|
|a rus
|
| 102 |
|
|
|a GE
|
| 105 |
|
|
|a a z 001zy
|
| 200 |
1 |
|
|a Типоморфные особенности амфиболов некоторых магматических и метаморфических пород Грузии
|f Академия наук Грузинской ССР (АН ГрузССР), Геологический институт
|
| 210 |
|
|
|a Тбилиси
|c Мецниереба
|d 1987
|
| 215 |
|
|
|a 79 с.
|c ил.
|
| 225 |
1 |
|
|a Труды геологического института им. А. И. Джанелидзе. Новая серия
|v Вып. 93
|
| 320 |
|
|
|a Библиогр.: с. 76-78.
|
| 606 |
1 |
|
|a Метамагматические породы
|2 stltpush
|3 (RuTPU)RU\TPU\subj\43403
|9 62908
|
| 610 |
1 |
|
|a метаморфические породы
|
| 610 |
1 |
|
|a топоминералогические исследования
|
| 610 |
1 |
|
|a Грузия
|
| 610 |
1 |
|
|a геолого-петрологическая характеристика
|
| 610 |
1 |
|
|a амфиболы
|
| 610 |
1 |
|
|a минералогия
|
| 610 |
1 |
|
|a типоморфные особенности
|
| 610 |
1 |
|
|a сравнительный анализ
|
| 675 |
|
|
|a 552.3/.4
|v 3
|
| 712 |
0 |
2 |
|a Академия наук Грузинской ССР (АН ГрузССР)
|b Геологический институт
|2 stltpush
|3 (RuTPU)RU\TPU\col\12806
|
| 801 |
|
1 |
|a RU
|b 63413507
|c 20141003
|
| 801 |
|
2 |
|a RU
|b 63413507
|c 20160212
|g RCR
|
| 942 |
|
|
|c BK
|